| 000 | 00593nam a2200217Ia 4500 | ||
|---|---|---|---|
| 005 | 20250326144401.0 | ||
| 008 | 250326s9999 xx 000 0 und d | ||
| 020 | _a978-0-7879-9811-0 | ||
| 037 | _aTextbook | ||
| 040 |
_aFMSL _beng _cFMSL |
||
| 041 |
_aeng _2eng |
||
| 084 |
_aX:82 P8 _qFMSL |
||
| 100 |
_aParker G M _9748251 |
||
| 245 | 0 |
_aTeam players & team work _cParker G M |
|
| 260 |
_aSan-franciso _bSan-franciso, John Wiley _c2008 |
||
| 300 | _axxi,229 | ||
| 365 | _b1260.973 | ||
| 650 |
_aHealth Care _9239808 |
||
| 942 |
_cTB _hX:82 P8 |
||
| 999 |
_c1303516 _d1303516 |
||